Datum a čas kvízu
36
Celkem bodů
Celkový počet nahraných bodů na tomto kvízu bez doplňovacích otázek.
3.
Pořadí na kvízu
Konečné umístění týmu na tomto kvízu.
Zaznamenané odpovědi
| # | Otázka | Odpověď | Body | Výsledky |
|---|---|---|---|---|
| 1. | Minulý týden tisk informoval o... | velomobil | 1 | |
| 2. | Premiérem které země se stal R... | Nizozemska | 0 | |
| 3. | Do Prahy zavítal na natáčení 5... | Leonardo DiCaprio; Martin Scorsese | 0.5 | |
| 4. | V pátek byla oznámena fúze dvo... | Paramount (Skydance), Warner Bros. (Discovery) | 1 | |
| 5. | Armand Duplantis, světový reko... | C | 0 | |
| 6. | Zatímco v českých atlasech ten... | Iberové | 1 | |
| 7. | Vyberte správné tvrzení týkají... | B | 0 | |
| 8. | Červeně vyznačená oblast na se... | Baskicko, Bilbao | 1 | |
| 9. | Jak se jmenuje portugalský mys... | C | 0 | |
| 10. | Hledáme název ikonické stavby... | Belémská věž | 0 |